00233nam a2200097Ia 4500008004100000100001400041245002300055260003000078300000900108650001800117190216s9999||||xx |||||||||||||| ||und|| aRamaswamy 0aShort Modern Plays bPaico Pub.House Ekmc1972 a123p aEnglish Drama